LEADER 01210nam a2200253 4500 001 000000357339 003 CaOOAMICUS 005 20240223092936.0 008 240223s it 000 u ita r 040 $aSeMil$bita 100 1 $aVercesi, Ernesto.$0(OLS)http://semarc/name/36890 245 10$aCommemorando un Uomo ed una Data (don Albertario, 20 settembre) / $cErnesto don Vercesi. 264 1$aMilano :$bIl Conferenziere,$c1906. 300 $aP. [107]-144 ;$c19 cm 490 1 $aIl conferenziere contemporaneo ;$v87 500 $aContiene: Per una fede / Giovanni Semeria 600 14$aAlbertario, Davide .$0(OLS)http://semarc/subject/5435 777 0 $aSemeria, Giovanni $tPer una fede.$dMilano : Il Conferenziere, 1906.$w()357340 830 3$aIl conferenziere contemporaneo ;$v87.$0(OLS)http://semarc/title/447568 850 $aSeMil 852 $aSeMil$W1$xVenegono$y1$m5C IV 5/21$j246527$B248516$CSeMilBibl$Z2$F248516 $81 996 $6245$aCommemorando un Uomo ed una Data (don Albertario, 20 settembre) / $9(OLS)http://semarc/title/447567 996 $6264$aMilano :$bIl Conferenziere$9(OLS)http://semarc/publisher/61590 LEADER 00940nam a2200253 i 4500 001 000000119754 003 CaOOAMICUS 005 20031104000000.0 008 031104s2001 it u000 u ita u 013 $a92448 040 $aSeMil$bita 100 1 $aChiari, Vittorio.$0(OLS)http://semarc/name/47167 245 10$aForza Ugo non sei solo /$cVittorio Chiari. 260 $aMilano :$bITL,$c2001. 300 $a329 p. ;$c30 cm. 500 $aFondo Card. C.M. Martini. 600 14$aDe Censi, Ugo .$0(OLS)http://semarc/subject/22451 650 4$aOMG .$0(OLS)http://semarc/subject/22452 850 $aSeMil 852 $aSeMil$W1$xVenegono$y1$m3J VI 250$j74961$B74961$CSeMilBibl$Z2$F83319 $81 941 1 $a4 961 $aOmaggio: Martini Card. Carlo Maria 996 $6245$aForza Ugo non sei solo$9(OLS)http://semarc/title/176080 996 $6260$aMilano :$bITL$9(OLS)http://semarc/publisher/30648